Online
Catalog

La acumulación del capital / (Record no. 24045)

MARC details
000 -CABECERA
campo de control de longitud fija 00600nam a2200181 a 4500
001 - NÚMERO DE CONTROL
campo de control 000024552
005 - FECHA Y HORA DE LA ÚLTIMA TRANSACCIÓN
campo de control 20200930023232.0
008 - DATOS DE LONGITUD FIJA--INFORMACIÓN GENERAL
campo de control de longitud fija 810211s1960 mx a 001 0 spa
040 ## - FUENTE DE LA CATALOGACIÓN
Centro catalogador/agencia de origen DO-SdBNP
Lengua de catalogación spa
Centro/agencia transcriptor BNPHU
082 ## - NÚMERO DE LA CLASIFICACIÓN DECIMAL DEWEY
Número de clasificación xxxx
Número de documento/Ítem R658a
100 1# - ENTRADA PRINCIPAL--NOMBRE DE PERSONA
Nombre de persona Robinson, Joan
9 (RLIN) 50326
240 10 - TÍTULO UNIFORME
Título uniforme The accumulation of capital
Lenguaje de la obra Español
245 13 - MENCIÓN DE TÍTULO
Título La acumulación del capital /
Mención de responsabilidad, etc. Joan Robinson ; traducción Edmundo Flores.
260 ## - PUBLICACIÓN, DISTRIBUCIÓN, ETC.
Lugar de publicación, distribución, etc. México, D. F. :
Nombre del editor, distribuidor, etc. Fondo de Cultura Económica,
Fecha de publicación, distribución, etc. 1960.
300 ## - DESCRIPCIÓN FÍSICA
Extensión 453 p. :
Otras características físicas il. ;
Dimensiones 22 cm.
590 ## - NOTA LOCAL (RLIN)
Nota local Inventariado, 2019/BT
700 1# - PUNTO DE ACCESO ADICIONAL--NOMBRE DE PERSONA
Nombre de persona Flores, Edmundo,
Término indicativo de función/relación tr.
9 (RLIN) 50327
Holdings
Estado de retiro Estado de pérdida Restricciones de uso No para préstamo Código de colección Localización permanente Ubicación/localización actual Ubicación en estantería Fecha de adquisición Número de inventario Total de préstamos Signatura topográfica completa Código de barras Fecha visto por última vez Precio válido a partir de Tipo de ítem Koha
      Excluido de préstamo Monografías: Libros y Folletos General General Depósito 31.01.2011 LF1   xxxx R658a 24552-10 25.06.2020 25.06.2020 No se presta

Powered by Koha